| 000 | 01192cam a22003375i 4500 | ||
|---|---|---|---|
| 999 |
_c28859 _d28830 |
||
| 001 | 016645106 | ||
| 003 | EG-ScBUE | ||
| 005 | 20200928100702.0 | ||
| 008 | 140120s2014 gw a f 001 0 eng d | ||
| 020 | _a9783037681701 (hardback) | ||
| 040 |
_aStDuBDS _beng _erda _cStDuBDS _dUk _dEG-ScBUE |
||
| 041 | 1 |
_aeng _hund |
|
| 082 | 0 | 4 |
_a659.152 _bEXH _222 |
| 245 | 0 | 0 |
_aExhibition design / _c[edited by] Sibylle Kramer ; translation Geoffrey Steinherz. |
| 250 | _aFirst edition. | ||
| 264 | 1 |
_a[Karlsruhe] : _bBraun, _c2014. |
|
| 300 |
_a271 pages. : _billustrations (black and white, and colour) ; _c31 cm |
||
| 336 |
_atext _btxt _2rdacontent |
||
| 337 |
_aunmediated _bn _2rdamedia |
||
| 338 |
_avolume _bnc _2rdacarrier |
||
| 500 | _aIncludes index. | ||
| 546 | _aText in English with translations from undetermined language(s). | ||
| 650 | 7 |
_aExhibitions. _2BUEsh |
|
| 650 | 7 |
_aFairs. _2BUEsh |
|
| 650 | 7 |
_aExhibit stands _xDesign and construction. _2BUEsh _912866 |
|
| 650 | 7 |
_aExhibit booths _xDesign and construction. _2BUEsh _912866 |
|
| 653 |
_bCOMAME _cSeptember2020 |
||
| 700 | 1 |
_aKramer, Sibylle, _d1967- _eeditor. |
|
| 700 | 1 |
_aSteinherz, Geoffrey, _etranslator. |
|
| 942 |
_2ddc _cBB |
||